[Event "Belgrade Serbia op"]
[Site "Belgrade"]
[Date "2023.07.20"]
[Round "5"]
[White "Neelash, Saha"]
[Black "Pavlov, Mark"]
[Result "1/2-1/2"]
[WhiteElo "2429"]
[BlackElo "2286"]
[PlyCount "61"]
[EventDate "2023.07.16"]
[EventType "swiss"]
[EventRounds "9"]
[EventCountry "SRB"]
[SourceTitle "CBM 215 Extra"]
[Source "ChessBase"]
[SourceDate "2023.09.30"]
[SourceVersion "1"]
[SourceVersionDate "2023.09.30"]
[SourceQuality "1"]

1. e4 e6 2. d4 d5 3. e5 c5 4. c3 Nc6 5. Nf3 Bd7 6. Be2 f6 7. 0-0 fxe5 8. dxe5 Qc7 9. Re1 0-0-0 10. Bf4 h6 11. h4 Nge7 12. Na3 a6 13. Qd2 Rg8 14. b4 cxb4 15. cxb4 Ng6 16. Nc2 Nxf4 17. Qxf4 g5 18. hxg5 hxg5 19. Qg4 Nxe5 20. Nxe5 Qxe5 21. Bb5 Qf5 22. Bxd7+ Rxd7 23. Qxf5 exf5 24. Re8+ Rd8 25. Rxd8+ Kxd8 26. Rd1 f4 27. Rxd5+ Kc7 28. b5 axb5 29. Nd4 Be7 30. Rxb5 Ra8 31. Rb2 1/2-1/2

[Event "Belgrade Serbia op"]
[Site "Belgrade"]
[Date "2023.07.16"]
[Round "1"]
[White "Hilverda, Alexander"]
[Black "Neelash, Saha"]
[Result "0-1"]
[WhiteElo "2256"]
[BlackElo "2429"]
[PlyCount "80"]
[EventDate "2023.07.16"]
[EventType "swiss"]
[EventRounds "9"]
[EventCountry "SRB"]
[SourceTitle "CBM 215 Extra"]
[Source "ChessBase"]
[SourceDate "2023.09.30"]
[SourceVersion "1"]
[SourceVersionDate "2023.09.30"]
[SourceQuality "1"]

1. d4 Nf6 2. c4 e6 3. g3 c5 4. d5 exd5 5. cxd5 d6 6. Nc3 g6 7. Nf3 Bg7 8. Bg2 0-0 9. 0-0 Re8 10. Bf4 h6 11. Re1 g5 12. Bc1 Bg4 13. Nd2 Qd7 14. Qb3 Na6 15. a3 Rab8 16. Qb5 Qd8 17. Nc4 Nc7 18. Qb3 b5 19. Na5 Bd7 20. Bd2 Ng4 21. Rad1 Qf6 22. Rf1 Qg6 23. Nc6 Rb6 24. h3 Ne5 25. Nxe5 Bxe5 26. e4 Qh5 27. Kh2 b4 28. axb4 Rxb4 29. Qc2 Bg7 30. f3 Nb5 31. Bc1 Nd4 32. Qf2 Reb8 33. f4 Nb3 34. Be3 Na5 35. e5 Rxb2 36. Rb1 Nc4 37. e6 Be8 38. g4 Qg6 39. Ne4 Rxf2 40. Bxf2 Rxb1 0-1